| 000 | 00516nam a22001817a 4500 | ||
|---|---|---|---|
| 999 |
_c169459 _d169459 |
||
| 005 | 20191121111501.0 | ||
| 010 | _aENG-126950 | ||
| 020 |
_c150.00 _a9789352825820 |
||
| 035 | _aEN-110482 | ||
| 037 | _bDBAD/PUB | ||
| 082 | _a613 | ||
| 100 | _aYager, Jan | ||
| 245 |
_a365 daily affirmations for healthy and nurturing relationships / _cby Jan Yager |
||
| 260 |
_bDC Books _c2019 _aKerala |
||
| 270 |
_aKottayam 686 _e686001 _bKerala |
||
| 300 |
_a124p. _c22cm(pbk) |
||
| 942 |
_2ddc _cEN _h613 _mYAG |
||